In welchem Bundesland ist dieser Bezirk - Statistiken

Allgemein
  • Dieses Quiz wurde 40 mal gespielt
  • Das Durchschnittsergebnis liegt bei 17 aus 20
Antwortstatistiken
Bezirk Bundesland % Korrekt
Eisenstadt Umgebung Burgenland
100%
Güssing Burgenland
100%
Mattersburg Burgenland
100%
Rust Burgenland
100%
Hermagor Kärnten
100%
Klagenfurt-Land Kärnten
100%
Villach Kärnten
100%
Villach-Land Kärnten
100%
Amstetten Niederösterreich
100%
Bruck an der Leitha Niederösterreich
100%
Gmünd Niederösterreich
100%
Hollabrunn Niederösterreich
100%
Korneuburg Niederösterreich
100%
Krems Niederösterreich
100%
Lilienfeld Niederösterreich
100%
Melk Niederösterreich
100%
St. Pölten Niederösterreich
100%
St. Pölten Niederösterreich
100%
Tulln Niederösterreich
100%
Braunau am Inn Oberösterreich
100%
Eferding Oberösterreich
100%
Gmunden Oberösterreich
100%
Linz Oberösterreich
100%
Perg Oberösterreich
100%
Steyr Oberösterreich
100%
Steyr-Land Oberösterreich
100%
Urfahr-Umgebung Oberösterreich
100%
Vöcklabruck Oberösterreich
100%
Wels Oberösterreich
100%
Salzburg-Umgebung Salzburg
100%
Sankt Johann im Pongau Salzburg
100%
Zell am See Salzburg
100%
Bruck-Mürzzuschlag Steiermark
100%
Graz Steiermark
100%
Graz-Umgebung Steiermark
100%
Leoben Steiermark
100%
Liezen Steiermark
100%
Murau Steiermark
100%
Murtal Steiermark
100%
Weiz Steiermark
100%
Innsbruck-Land Tirol
100%
Imst Tirol
100%
Kitzbühel Tirol
100%
Landeck Tirol
100%
Feldkirch Vorarlberg
100%
Wien Wien
100%
Lienz Tirol
89%
Leibnitz Steiermark
88%
Waidhofen an der Thaya Niederösterreich
86%
Wiener Neustadt Niederösterreich
86%
Grieskirchen Oberösterreich
86%
Tamsweg Salzburg
86%
Jennersdorf Burgenland
83%
Spittal an der Drau Kärnten
83%
Völkermarkt Kärnten
83%
Wolfsberg Kärnten
83%
Salzburg Salzburg
83%
Hartberg-Fürstenfeld Steiermark
83%
Eisenstadt Burgenland
80%
Neusiedl am See Burgenland
80%
Klagenfurt am Wörthersee Kärnten
80%
Ried im Innkreis Oberösterreich
80%
Schärding Oberösterreich
80%
Gröbming Steiermark
80%
Kufstein Tirol
80%
Bregenz Vorarlberg
80%
Feldkirchen Kärnten
75%
Gänserndorf Niederösterreich
75%
Horn Niederösterreich
75%
Krems an der Donau Niederösterreich
75%
Scheibbs Niederösterreich
75%
Zwettl Niederösterreich
75%
Freistadt Oberösterreich
75%
Kirchdorf Oberösterreich
75%
Linz-Land Oberösterreich
75%
Schwaz Tirol
75%
Rohrbach Oberösterreich
71%
Reutte Tirol
71%
Mödling Niederösterreich
67%
Waidhofen an der Ybbs Niederösterreich
67%
Deutschlandsberg Steiermark
67%
Südoststeiermark Steiermark
67%
Bludenz Vorarlberg
67%
Oberpullendorf Burgenland
50%
Sankt Veit an der Glan Kärnten
50%
Baden Niederösterreich
50%
Neunkirchen Niederösterreich
50%
Wiener Neustadt Niederösterreich
50%
Wels-Land Oberösterreich
50%
Hallein Salzburg
50%
Innsbruck Tirol
50%
Dornbirn Vorarlberg
50%
Oberwart Burgenland
40%
Voitsberg Steiermark
40%
Mistelbach Niederösterreich
25%
Keine übereinstimmenden Quizze gefunden
Verteilung der Resultate
Anzahl Personen mit jedem Resultat
Perzentil nach korrekt beantworteten Fragen
Ihre Resultats-Entwicklung
Sie haben dieses Quiz noch nicht gespielt